Quiz sur les marques disparues - Statistiques

Statistiques générales
  • Ce quiz a été pris 71 fois
  • Le résultat moyen est 9 sur 15
Statistiques - réponses
Question Réponse % Correct
Quels produits étaient associés à la marque Chambourcy, disparue en 1996 ? des yaourts
100%
Quelle chaîne de magasins alimentaires, lancée en 1969, écrasait les prix jusqu’en 2009 ? Mammouth
100%
Quel était l’ancien nom des barres chocolatées Twix jusqu’en 1991 ? Raider
100%
Quelle marque avait pour mascotte “Prosper, le roi du pain d’épices” dans les années 80 ? Vandamme
100%
Quelle marque francaise de piles avait été rachetée en 1984 par Bernard Tapie ? Wonder
100%
Comment s’appelaient les biscuits au chocolat créés par la biscuiterie Saint-Michel et disparus dans les années 90 ? Bamboula
67%
Que commercialise la marque Jouef à partir des années 40 et dont l’entreprise a connu plusieurs dépôts de bilan et faillites au fil des années ? Des trains miniatures
67%
Quelle tablette de chocolat star des années 80/90 avec des motifs animaliers, disparue au début des années 2000, a été ressuscitée en 2023 ? Merveilles du Monde
67%
Quel était le nom de la pâte à tartiner lancée par Côte d'Or en 1952 pour concurrencer Nutella ? Pastador
67%
Quelle est la marque de cette filiale de Fiat qui a existé entre 1934 et 1980 ? Simca
67%
Quel était le nom du premier restaurant de hamburger en France installé à Paris en 1961 ? Wimpy
67%
Comment s’appelait la marque concurrente de “La vache qui rit” obligée de changer son nom suite à une décision de justice ? La vache sérieuse
33%
Sous quel nom étaient commercialisés les M&M’s en France avant 1986 ? Bonitos
0%
Quel était le nom français d'un jouet populaire dans les années 80 ? Dictée magique
0%
Quelle marque de cirage née à la fin du 19ème siècle a disparu en 1992 ? Lion noir
0%
Aucun quiz correspondant
Distribution des résultats
% des personnes avec chaque résultat
Percentile par nombre de réponses
Votre historique - résultats
Vous n’avez pas pris ce quiz